| 000 | 00763nam a22002177a 4500 | ||
|---|---|---|---|
| 008 | 090204t xxu||||| |||| 00| 0 eng d | ||
| 010 | _aENG-92846 | ||
| 020 | _c120.00 | ||
| 035 | _aEN-76379 | ||
| 037 | _bDBAD / PUB | ||
| 040 |
_adpl _bEnglish |
||
| 082 | _a884 | ||
| 100 | _aHoskot, K.S. | ||
| 245 |
_aRainbow of love / _cby K.S. Hoskot |
||
| 260 |
_aDharwad _bMahishi Trust _c(200?) |
||
| 270 |
_aBanashankari Kala Mantap, Shreeranga Marg _bDharwad _e580001 |
||
| 300 |
_a212p.; _c20cm (pbk) _bb&w photos |
||
| 500 | _aIncludes bibliographicla references | ||
| 942 |
_2ddc _cEN _mHOS _h884 |
||
| 999 |
_c23015 _d23015 |
||